Un posto per noi

I tiakina i:
Ngā taipitopito rārangi puna kōrero
Kaituhi matua: Miller, Isabel
Hōputu: Pukapuka
Reo:Ingarihi
I whakaputaina: Firenze
Ngā Tūtohu: Tāpirihia he Tūtohu
Kāore He Tūtohu, Me noho koe te mea tuatahi ki te tūtohu i tēnei pūkete!

MARC

LEADER 00000nam a2200000 4500
001 CDOM0000003708
003 mi
005 20250924113031.0
008 250924b |||||||| |||| 00| 0 eng d
040 |c mi 
100 |a Miller, Isabel 
245 1 |a Un posto per noi  
260 |a Firenze 
942 |2 ddc  |c BK 
952 |0 0  |1 0  |2 ddc  |4 0  |7 0  |9 6930  |a MI  |b MI  |d 2009-08-19  |i 5414  |l 0  |p CDOM5414  |r 2025-07-13 16:28:00  |w 2025-07-13  |x ACQUISTO  |y BK 
999 |c 5655  |d 5655